Statistiche per Cessioni più costose - Premier League

Clicka qui per fare il quiz!

Statistiche generali

  • Questo quiz è stato fatto 24 volte
  • Il punteggio medio è 16 su 21

Statistiche sulle risposte

Costo (M €)DaANazioneAnnoCalciatore% Corretto
101TottenhamReal MadridGalles2013Gareth Bale
95%
81,72LiverpoolBarcellonaUruguay2014Luis Suárez
95%
135LiverpoolBarcellonaBrasile2018Philippe Coutinho
95%
115ChelseaReal MadridBelgio2019Eden Hazard
91%
117,50Aston VillaManchester CityInghilterra2021Jack Grealish
91%
67,80Leicester CityManchester CityAlgeria2018Riyad Mahrez
91%
94Manchester UnitedReal MadridPortogallo2009Cristiano Ronaldo
86%
87Leicester CityManchester UnitedInghilterra2019Harry Maguire
86%
74Manchester UnitedInterBelgio2013Romelu Lukaku
86%
84,70EvertonManchester UnitedBelgio2017Romelu Lukaku
86%
84,65SouthamtponLiverpoolPaesi Bassi2018Virgil van Dijk
86%
63Manchester UnitedParis Saint-GermainArgentina2015Ángel Di María
82%
60ChelseaShanghai PortBrasile2017Oscar
73%
58,50LiverpoolChelseaSpagna2011Fernando Torres
68%
58EvertonTottenhamBrasile2022Richarlison
64%
80,40Leicester CityChelseaFrancia2022Wesley Fofana
64%
58Leeds UtdBarcellonaBrasile2022Raphinha
59%
63,70LiverpoolManchester CityInghilterra2015Raheem Sterling
55%
65,30BrightonChelseaSpagna2022Marc Cucurella
50%
58,50BrightonArsenalInghilterra2021Ben White
36%
60ChelseaAtletico MadridBrasile2018Diego Costa
36%

Distribuzione punteggi

Percentile per numero di risposta

Percentuale di utenti per punteggio

I tuoi punteggi nel tempo

Non hai fatto questo quiz